| Tag |
First Indicator |
Second Indicator |
Subfields |
| LEADER |
00000cam a2200000Ia 4500 |
| 001 |
in00001652021 |
| 005 |
20151023103942.0 |
| 007 |
hd afa014baca |
| 008 |
980914s1983 dcua a f000 0 eng d |
| 035 |
|
|
|a (OCoLC)ocm39867744
|
| 040 |
|
|
|a HDB
|c HDB
|d UtOrBLW
|
| 043 |
|
|
|a n-us---
|
| 049 |
|
|
|a TXAM
|
| 090 |
|
|
|a JK1108
|b .M35 Suppl. 1983-84 reel 9, fr. 0196
|
| 099 |
|
|
|a Film
|a S
|a 1707
|a 1983-84, reel 9, fr. 0196
|
| 245 |
0 |
0 |
|a Cash and non-cash benefits for persons with limited income :
|b eligibility rules, recipient and expenditure data, FY 1979-81 /
|c compiled by Vee Burke.
|
| 264 |
|
1 |
|a [Washington, DC] :
|b Congressional Research Service, Library of Congress,
|c 1983.
|
| 300 |
|
|
|a xv, 186 pages :
|b illustrations ;
|c 28 cm.
|
| 336 |
|
|
|a text
|b txt
|2 rdacontent
|
| 337 |
|
|
|a microform
|b h
|2 rdamedia
|
| 338 |
|
|
|a microfilm reel
|b hd
|2 rdacarrier
|
| 500 |
|
|
|a Cover title.
|
| 500 |
|
|
|a "Updated June 6, 1983."
|
| 500 |
|
|
|a "Report number 83-110 EPW."
|
| 500 |
|
|
|a "HV 84 A."
|
| 500 |
|
|
|a "Update of 82-113 EPW...FY 1978-80; 81-44 EPW...FY 1977-79; 79-216 EPW...FY 1976-78; 77-152 edition; 76-5 ED...FY 1975-76."
|
| 500 |
|
|
|a "Education and Public Welfare Division."
|
| 504 |
|
|
|a Includes bibliographical references.
|
| 533 |
|
|
|a Microfilm.
|b Frederick, MD :
|c University Publications of America,
|d 1984.
|e on 1 microfilm reel ; 35 mm. Low reduction.
|f (Major studies and issue briefs of the Congressional Research Service. 1983-84 supplement ; reel 9, fr. 0196).
|
| 500 |
|
|
|a Microform.
|
| 650 |
|
0 |
|a Economic assistance, Domestic
|z United States.
|
| 650 |
|
0 |
|a Human services
|z United States.
|
| 650 |
|
0 |
|a Public welfare administration
|z United States.
|
| 650 |
|
0 |
|a Welfare recipients
|z United States.
|
| 700 |
1 |
|
|a Burke, Vee.
|
| 710 |
2 |
|
|a Library of Congress.
|b Congressional Research Service.
|
| 830 |
|
0 |
|a Major studies and issue briefs of the Congressional Research Service.
|p Supplement ;
|v 1983-84, reel 9, fr. 0196.
|
| 994 |
|
|
|a 92
|b TXA
|
| 999 |
|
|
|a MARS
|
| 999 |
f |
f |
|s 482792a2-0faa-328b-aa4a-f44862d94e53
|i 58c9cbca-6a3f-31c8-86fd-c7dccff04e95
|t 0
|
| 952 |
f |
f |
|p normal
|a Texas A&M University
|b College Station
|c Sterling C. Evans Library
|d Evans: Microforms (3rd floor)
|t 0
|e Film S 1707 1983-84, reel 9, fr. 0196
|h Other scheme
|i microform -- microfilm reel
|
| 998 |
f |
f |
|a Film S 1707 1983-84, reel 9, fr. 0196
|t 0
|l Evans: Microforms (3rd floor)
|